[Event "CZE-chT1c 9697"]
[Site "CZE"]
[Date "1997.??.??"]
[Round "?"]
[White "Tupy, Martin"]
[Black "Meduna, Eduard"]
[Result "0-1"]
[WhiteElo "2215"]
[BlackElo "2460"]

1.d4 Nf6 2.c4 c6 3.Nc3 d5 4.Nf3 dxc4 5.a4 Bf5 6.Ne5 Nbd7 7.Nxc4 Qc7 8.g3 e5
9.dxe5 Nxe5 10.Bf4 Rd8 11.Qc1 Bd6 12.Nxd6+ Qxd6 13.Bg2 Qe7 14.O-O O-O 15.a5 a6
16.b3 Ng6 17.Be3 Qe6 18.Na4 Bh3 19.Nc5 Qf5 20.Qc4 Bxg2 21.Kxg2 Ng4 22.Nxb7 Rd5
23.Bb6 N6e5 24.Qf4 Qc8 25.Nc5 Ng6 26.Qc4 Nxh2 27.Rh1 Ng4 28.Qxa6 Qf5 29.f3 Ne3+
30.Kf2 Re8 31.Ra4 Rxc5 32.Bxc5 Qxc5 33.Qb6 Nd1+ 34.Kg2 Rxe2+ 35.Kf1 Qc2  0-1

[Event "CZE-chT1b 9697"]
[Site "CZE"]
[Date "1997.??.??"]
[Round "?"]
[White "Vacek, Radomir"]
[Black "Pohorsky, Pavel"]
[Result "1/2-1/2"]
[WhiteElo "2220"]
[BlackElo "2105"]

1.d4 d5 2.c4 c6 3.Nf3 Nf6 4.Nc3 dxc4 5.a4 Bf5 6.Ne5 e6 7.Nxc4 Bb4 8.f3 h6
9.Qb3 a5 10.Be3 O-O 11.Bf2 Nbd7 12.e4 Bh7 13.Rd1 Qe7 14.Be2 c5 15.O-O cxd4
16.Bxd4 Rac8 17.Kh1 Nc5 18.Qa2 Nfd7 19.Nb5 Kh8 20.Bf2 f5 21.Bg3 Na6 22.Bd6 Bxd6
23.Ncxd6 Rb8 24.exf5 exf5 25.Bc4 Nb4 26.Qb3 Nc5 27.Qc3 Bg6 28.Rfe1 Qg5 29.f4 Qxf4
30.Re7 Rf6 31.Rde1 Ne4 32.g3 Qg5 33.Qe5 Nc6 34.Nxe4 Nxe5 35.Nxg5 Nxc4 36.Ne6 Rf7
37.Nf4 Kh7 38.Rxf7 Bxf7 39.Re7 Kg8 40.b3 Nd2 41.Nd6 Rf8 42.Rxb7 g5 43.Nxf7  1/2-1/2

[Event "CZE-chT1b 9697"]
[Site "CZE"]
[Date "1997.??.??"]
[Round "?"]
[White "Pospisil, Evzen"]
[Black "Hajek, Jiri"]
[Result "0-1"]
[WhiteElo "2090"]
[BlackElo "2200"]

1.d4 d5 2.c4 c6 3.Nf3 Nf6 4.Nc3 dxc4 5.a4 Bf5 6.e3 e6 7.Bxc4 Bb4 8.O-O O-O
9.Qe2 Ne4 10.Bd3 Bxc3 11.bxc3 Nxc3 12.Qc2 Bxd3 13.Qxd3 Nd5 14.Ba3 Re8 15.e4 Nf4
16.Qe3 Qc7 17.Ne5 Ng6 18.Nxg6 hxg6 19.f4 Nd7 20.Rf3 Nb6 21.Qb3 Rad8 22.Bb2 Nd7
23.Qc3 Nf6 24.Re1 Rd7 25.h3 Red8 26.g4 Qb6 27.a5 Qb5 28.g5 Nh5 29.Qa3 c5
30.dxc5 Rd3 31.Rxd3 Rxd3 32.Qa1 Qxc5+ 33.Bd4 Rxd4 34.Qc1 Rc4+ 35.Qe3 Nxf4
36.Qxc5 Rxc5 37.Rb1 Nxh3+ 38.Kg2 Nxg5 39.Rxb7 Rxa5  0-1

[Event "CZE-chT1b 9697"]
[Site "CZE"]
[Date "1997.??.??"]
[Round "?"]
[White "Mackova, Eva"]
[Black "Pacovsky, Jiri"]
[Result "0-1"]
[WhiteElo "2175"]
[BlackElo "2315"]

1.d4 d5 2.c4 c6 3.Nf3 Nf6 4.Nc3 dxc4 5.a4 Bf5 6.Ne5 Nbd7 7.Nxc4 Qc7 8.g3 e5
9.dxe5 Nxe5 10.Bf4 Rd8 11.Qc1 Bd6 12.Nxd6+ Qxd6 13.Bg2 O-O 14.O-O a5 15.Rd1 Qe7
16.Qe3 Nfg4 17.Qb6 Nc4 18.Qb3 Qb4 19.Qxb4 axb4 20.Ne4 Rxd1+ 21.Rxd1 Nxb2
22.Rb1 Nxa4 23.Rxb4 b5 24.h3 Bxe4 25.Bxe4 c5 26.Rxb5 Nc3 27.Rb7 Nxe2+ 28.Kf1 Nxf4
29.hxg4 Ne6 30.Bd5 Rc8 31.Bc4 Kf8 32.Ke2 Rc7 33.Rb6 Ke7 34.Kd3 Rd7+ 35.Kc3 h6
36.Rc6 Rc7 37.Ra6 Rb7 38.Rc6 Rb1 39.Bxe6 fxe6 40.Rxc5 Rf1 41.Kd4 Rxf2 42.g5 hxg5
43.Rxg5 Kf6 44.Rg4 Rf3 45.Ke4 Ra3 46.Rf4+ Ke7 47.Rf1 Rxg3 48.Ke5 Rg5+ 49.Ke4 g6  0-1

[Event "CZE-chT2 9798"]
[Site "CZE"]
[Date "1997.??.??"]
[Round "3.1"]
[White "Pilar, Miloslav"]
[Black "Vavruska, David"]
[Result "1-0"]
[WhiteElo "2290"]
[BlackElo "2300"]

1.d4 d5 2.Nf3 Nf6 3.c4 dxc4 4.Nc3 c6 5.a4 Bf5 6.e3 Na6 7.Bxc4 Nb4 8.O-O e6
9.Qe2 Be7 10.e4 Bg4 11.Be3 Qa5 12.h3 Bxf3 13.Qxf3 Nc2 14.Rac1 Nxe3 15.Qxe3 O-O
16.Rfd1 Qb4 17.Bd3 g6 18.Bc2 Rfd8 19.e5 Nd5 20.Nxd5 Rxd5 21.Bb3 Rd7 22.Rc4 Qb6
23.Qc3 a5 24.Kh2 Rad8 25.f4 Qa7 26.g4 c5 27.f5 cxd4 28.Qg3 Qb6 29.Rd3 Bf8
30.Rc2 Bg7 31.h4 Rc7 32.Re2 gxf5 33.gxf5 Kh8 34.Rg2 Bh6 35.Qg4 exf5 36.Qxf5 f6
37.Rdg3 Rg7 38.Rxg7 Bxg7 39.Bc2 d3 40.Bxd3 Rxd3 41.Qxd3 fxe5 42.Qe4 Qf6 43.Rc2 b6
44.Kg2 Bf8 45.Rf2 Qg7+ 46.Kf1 h6 47.Qa8  1-0

[Event "Dresden op"]
[Site "Dresden"]
[Date "1997.??.??"]
[Round "7"]
[White "Weisshaupt, Rainer"]
[Black "Hebbinghaus, Holger"]
[Result "1-0"]
[WhiteElo "2120"]
[BlackElo "2235"]

1.d4 d5 2.c4 c6 3.Nf3 Nf6 4.Nc3 dxc4 5.a4 Bf5 6.Ne5 e6 7.f3 Bb4 8.Bg5 h6
9.Bxf6 Qxf6 10.e4 Bh7 11.Bxc4 O-O 12.Qb3 a5 13.O-O c5 14.f4 cxd4 15.Na2 Bxe4
16.Nxb4 axb4 17.Rae1 Bc6 18.f5 exf5 19.Qh3 Bd7 20.Nxd7 Nxd7 21.Rxf5 Qg6 22.Ref1 Nf6
23.Qb3 Rae8 24.Qxb4 Re3 25.Qxb7 Rfe8 26.Qb4 d3 27.R5f2 Qe4 28.b3 Qd4 29.Bxf7+  1-0

[Event "Caledonian Masters"]
[Site "Edinburgh"]
[Date "1997.??.??"]
[Round "1"]
[White "Dearing, Eddie"]
[Black "Campbell, Eoin"]
[Result "0-1"]
[WhiteElo "2210"]
[BlackElo "2050"]

1.d4 d5 2.c4 c6 3.Nf3 Nf6 4.Nc3 dxc4 5.a4 Bf5 6.Nh4 Bc8 7.e3 e5 8.Bxc4 exd4
9.exd4 Be7 10.O-O O-O 11.h3 a5 12.Re1 Na6 13.Nf3 Nb4 14.Bg5 Bf5 15.Re5 Bg6
16.Nh4 Re8 17.Nxg6 hxg6 18.Qb3 Nfd5 19.Nxd5 cxd5 20.Bxd5 Nxd5 21.Rxd5 Qc7
22.Rc1 Bd6 23.g3 Qd7 24.Bf4 Re6 25.Rc3 Ra6 26.Be5 Qe7 27.Rc8+ Kh7 28.Qc2 Rc6
29.Rxc6 bxc6 30.Rxa5 Bb4 31.Ra8 f6 32.Bf4 Re1+ 33.Kg2 Qb7 34.Rb8 Qa6 35.Rxb4 Qf1+
36.Kf3 Qh1+ 37.Kg4 f5+ 38.Kh4 Qf3 39.g4 Qxf4 40.Rc4 g5+  0-1

[Event "Caledonian Masters"]
[Site "Edinburgh"]
[Date "1997.??.??"]
[Round "2"]
[White "Pert, Nicholas"]
[Black "Ferguson, Mark"]
[Result "1/2-1/2"]
[WhiteElo "2240"]
[BlackElo "2420"]

1.d4 d5 2.Nf3 Nf6 3.c4 c6 4.Nc3 dxc4 5.a4 Bf5 6.Ne5 e6 7.f3 c5 8.e4 cxd4
9.exf5 Bb4 10.Bxc4 dxc3 11.Qxd8+ Kxd8 12.O-O cxb2 13.Bxb2 Ke7 14.Nd3 Rc8
15.Bb3 Na6 16.Nxb4 Nxb4 17.fxe6 fxe6 18.Ba3 a5 19.Rfd1 Rc6  1/2-1/2

[Event "Caledonian Masters"]
[Site "Edinburgh"]
[Date "1997.??.??"]
[Round "8"]
[White "Pigott, John C"]
[Black "Crouch, Colin S"]
[Result "0-1"]
[WhiteElo "2360"]
[BlackElo "2375"]

1.d4 d5 2.c4 c6 3.Nf3 Nf6 4.Nc3 dxc4 5.a4 Bf5 6.Nh4 e6 7.Nxf5 exf5 8.e3 Bb4
9.Bxc4 O-O 10.O-O Qe7 11.Qc2 g6 12.b3 Nbd7 13.Bb2 Rad8 14.Rfd1 Nb6 15.Bf1 Nbd5
16.Nxd5 cxd5 17.Rdc1 Bd6 18.g3 h5 19.h4 Ne4 20.Kg2 g5 21.Qe2 Kg7 22.Rc5 gxh4
23.Rxd5 hxg3 24.Rxf5 gxf2 25.Qxh5 Rh8 26.d5+ f6 27.Qg4+ Kf7 28.Kf3 Rdg8 29.Qxe4 Rg3+  0-1

[Event "FIN-chT 9798"]
[Site "Finland"]
[Date "1997.??.??"]
[Round "1"]
[White "Issakainen, Ari"]
[Black "Karttunen, Mika"]
[Result "0-1"]
[WhiteElo "2265"]
[BlackElo "2205"]

1.d4 d5 2.c4 c6 3.Nf3 Nf6 4.Nc3 dxc4 5.a4 Bf5 6.e3 e6 7.Bxc4 Bb4 8.O-O O-O
9.Qb3 Qe7 10.Ne5 a5 11.f4 Na6 12.h3 h5 13.Be2 h4 14.Bd2 c5 15.Be1 cxd4 16.exd4 Ne4
17.Kh2 Rac8 18.Bf3 Ng3 19.Rg1 f6 20.Ng4 Qd6 21.Bxg3 hxg3+ 22.Kxg3 Qxd4 23.Ne2 Qb6
24.Kh2 Bc2 25.Qa2 Bc5 26.Rgf1 Nb4 27.Qa3 Nd3 28.Qa2 Nb4 29.Qa3 Bf5 30.Rad1 Nc2
31.Qa2 Bxg4 32.Bxg4 f5 33.Bf3 Ne3 34.Rfe1 Nxd1 35.Rxd1 Rfd8 36.Nc3 Rxd1 37.Bxd1 Qd6
38.Ne2 Kh8 39.Bb3 e5 40.Be6 Re8 41.Bf7 exf4 42.Bxe8 f3+ 43.g3 fxe2 44.Qc4 e1=Q  0-1

[Event "FIN-chT 9798"]
[Site "Finland"]
[Date "1997.??.??"]
[Round "3"]
[White "Lassila, Erkki"]
[Black "Karttunen, Mika"]
[Result "1/2-1/2"]
[WhiteElo "2315"]
[BlackElo "2205"]

1.d4 d5 2.c4 c6 3.Nf3 Nf6 4.Nc3 dxc4 5.a4 Bf5 6.e3 e6 7.Bxc4 Bb4 8.O-O O-O
9.Qe2 Bg6 10.Ne5 Nbd7 11.Nxg6 hxg6 12.Rd1 Qa5 13.Qc2 Rad8 14.Na2 Bd6 15.Be2 e5
16.Bd2 Qc7 17.dxe5 Bxe5 18.g3 Rfe8 19.Rac1 a5 20.b4 axb4 21.Nxb4 Ra8 22.Nd3 Bd6
23.a5 Ne4 24.Be1 Ndf6 25.Bf1 Nd5 26.Bg2 Qe7 27.Rb1 Ra7 28.Rb3 Nc7 29.Qc4 Qe6
30.Qxe6 Rxe6 31.Nf4 Bxf4 32.gxf4 Nc5 33.Rc3 N5a6 34.Rcd3 Kf8 35.Bh3 Re8 36.f5 g5
37.Bg2 Raa8 38.e4 f6 39.f3 Kf7 40.Bf1 Re7 41.h3 Nc5 42.Rd4 Ke8 43.Bb4 Nb3
44.R4d3 c5 45.Rxb3 cxb4 46.Rxb4 Rxa5 47.Rxb7 Rd7 48.Rc1 Kd8 49.Rb8+ Ke7 50.Kf2 Ra8
51.Rb7 Ne8 52.Rxd7+ Kxd7 53.Bb5+ Ke7 54.Rc6 Nd6 55.Rc7+ Kf8 56.Bc6 Rc8 57.Rxc8+ Nxc8
58.Ke3 Ke7 59.Kd4 Kd6 60.Bb7 Nb6 61.Bd5 Nd7 62.Bc4 Ne5 63.Be2  1/2-1/2

[Event "FRA-chT9697 groupe A"]
[Site "France"]
[Date "1997.??.??"]
[Round "5"]
[White "Ristic, Nenad"]
[Black "Kinsman, Andrew PH"]
[Result "1/2-1/2"]
[WhiteElo "2475"]
[BlackElo "2395"]

1.d4 Nf6 2.Nf3 d5 3.c4 c6 4.Nc3 dxc4 5.a4 Bf5 6.Ne5 e6 7.f3 Bb4 8.e4 Bxe4
9.fxe4 Nxe4 10.Bd2 Qxd4 11.Nxe4 Qxe4+ 12.Qe2 Bxd2+ 13.Kxd2 Qd5+ 14.Kc2 Na6
15.Nxc4 O-O 16.Qe5 Rac8 17.Rd1 Nb4+ 18.Kc1 Na2+ 19.Kc2 Nb4+  1/2-1/2

[Event "Frydek-Mistek op-A"]
[Site "Frydek-Mistek"]
[Date "1997.??.??"]
[Round "4"]
[White "Obsivac, Josef"]
[Black "Mashinskaya, Iulia"]
[Result "1-0"]
[WhiteElo "2385"]
[BlackElo "2240"]

1.d4 d5 2.c4 c6 3.Nf3 Nf6 4.Nc3 dxc4 5.a4 Bf5 6.g3 e6 7.Bg2 Bb4 8.O-O Nbd7
9.Nd2 Bg6 10.Nxc4 O-O 11.a5 Re8 12.Qb3 Bxc3 13.bxc3 e5 14.Nd6 Re6 15.Nxb7 Qc7
16.dxe5 Qxe5 17.Qc4 Be4 18.Bf4 Qh5 19.f3 Bd5 20.Qd3 c5 21.Rab1 c4 22.Qd2 Bc6
23.e4 Ne8 24.Rf2 Ne5 25.Bxe5 Qxe5 26.Nd8 Rxd8 27.Qxd8 Qxc3 28.Rb8 h6 29.Bf1 Kh7
30.Qd2 Qe5 31.Rd8 c3 32.Qa2 Nd6 33.a6 Qg5 34.Rb8 Qe3 35.Qc2 Rf6 36.e5+ Ne4
37.exf6  1-0

[Event "Frydek-Mistek op-A"]
[Site "Frydek-Mistek"]
[Date "1997.??.??"]
[Round "6"]
[White "Jirovsky, Pavel"]
[Black "Mashinskaya, Iulia"]
[Result "1/2-1/2"]
[WhiteElo "2360"]
[BlackElo "2240"]

1.d4 d5 2.Nf3 Nf6 3.c4 c6 4.Nc3 dxc4 5.a4 Bf5 6.e3 e6 7.Bxc4 Bb4 8.O-O Nbd7
9.Qe2 O-O 10.e4 Bg6 11.Bd3 Bh5 12.e5 Nd5 13.Ne4 Be7 14.Ng3 Bg6 15.Bxg6 fxg6
16.Ne4 h6 17.Bd2 Rf7 18.a5 a6 19.Ne1 Nf8 20.Nd3 Nc7 21.Bc3 Nb5 22.Qe3 Qd5
23.Ndc5  1/2-1/2

[Event "Gent op"]
[Site "Gent"]
[Date "1997.??.??"]
[Round "4"]
[White "Blees, Albert"]
[Black "Strating, Sybolt"]
[Result "1-0"]
[WhiteElo "2450"]
[BlackElo "2275"]

1.d4 d5 2.c4 c6 3.Nf3 Nf6 4.Nc3 dxc4 5.a4 Bf5 6.e3 e6 7.Bxc4 Bb4 8.O-O Nbd7
9.Qe2 Bg6 10.Rd1 O-O 11.h3 Qe7 12.Nh4 Bh5 13.g4 Bxc3 14.gxh5 Bb4 15.e4 c5
16.h6 Ne8 17.hxg7 Nxg7 18.Nf3 cxd4 19.Rxd4 Bc5 20.Rd1 Rad8 21.Kh1 f6 22.Bh6 Kh8
23.Rg1 Rg8 24.Rg4 Qf7 25.Rag1 Bf8 26.Qe3 Ne5 27.Nxe5 fxe5 28.Qg3 Rd7 29.Rg2 Qf6
30.Bg5 Qf7 31.Kh2 Bd6 32.Bh6 Qf6 33.Bxe6 Qxh6 34.Bxd7 Be7 35.Qb3 Bf6 36.Qf7  1-0

[Event "Oberliga Sued W9697"]
[Site "GER"]
[Date "1997.??.??"]
[Round "?"]
[White "Bureik, Matthias"]
[Black "Becher, Helmut"]
[Result "1/2-1/2"]
[WhiteElo "2260"]
[BlackElo "2295"]

1.d4 d5 2.c4 c6 3.Nc3 Nf6 4.Nf3 dxc4 5.a4 Bf5 6.e3 e6 7.Bxc4 Bb4 8.O-O Nbd7
9.Qb3 a5 10.Na2 Be7 11.Nh4 Bg6 12.g3 Qc7 13.Nc3 Nd5 14.Nxg6 hxg6 15.e4 N5f6
16.Bf4 Qb6 17.Qxb6 Nxb6 18.Be2 O-O 19.Rfd1 Rac8 20.Be3 Nbd7 21.f4 Bb4 22.Bf3 Nb6
23.Ne2 Nc4 24.Bc1 Rfd8 25.b3 Nb6 26.Be3 Na8 27.Rac1 Nc7 28.g4 Rd7 29.g5 Nfe8
30.Bg4 Rcd8 31.Kg2 Nd6 32.Kf3 Re7 33.Nc3 Rde8 34.Na2 Na6 35.h4 Ba3 36.Rc2 Nb4
37.Nxb4 Bxb4 38.h5 Rd8 39.Rh1 Ne8 40.h6 f5 41.gxf6 gxf6 42.Rg2 Kh7 43.f5 exf5
44.exf5 g5 45.Bh5 Nc7 46.Bg6+ Kh8 47.Re2 Nd5 48.Rhh2 Bc3 49.Bg1 Rdd7 50.Rc2 b5
51.Rhe2 Rxe2 52.Rxe2 Re7 53.Rxe7 Nxe7 54.Ke4 bxa4 55.bxa4 Nd5 56.Be8 Ne7
57.Bh2 Bb4 58.Bg6 Kg8 59.Bc7 Kh8 60.Bd8 Kg8 61.Be8 Kh7 62.Bxe7 Bxe7 63.Bxc6 Kxh6
64.Kd5 g4 65.Ke6 Bd8 66.Kf7 Kg5 67.Ke6 g3 68.Bg2  1/2-1/2

[Event "BL2-W9798"]
[Site "Germany"]
[Date "1997.??.??"]
[Round "?.2"]
[White "Pelletier, Yannick"]
[Black "Cuijpers, Frans Andre"]
[Result "1-0"]
[WhiteElo "2465"]
[BlackElo "2420"]

1.d4 d5 2.c4 c6 3.Nf3 Nf6 4.Nc3 dxc4 5.a4 Bf5 6.Ne5 e6 7.f3 Bb4 8.e4 Bxe4
9.fxe4 Nxe4 10.Bd2 Qxd4 11.Nxe4 Qxe4+ 12.Qe2 Bxd2+ 13.Kxd2 Qd5+ 14.Kc2 Na6
15.Nxc4 O-O-O 16.Qe3 Kb8 17.Be2 Qxg2 18.Rhg1 Qxh2 19.Rxg7 Nb4+ 20.Kb3 Nd5
21.Qe5+ Qxe5 22.Nxe5 f6 23.Nd7+ Kc8 24.Nc5 Nc7 25.Bc4 Rdg8 26.Rf7 Rf8 27.Rxf8+ Rxf8
28.Rh1 b6 29.Nxe6 Nxe6 30.Bxe6+ Kc7 31.Rxh7+ Kd6 32.Bc4 a5 33.Rf7 Rxf7 34.Bxf7 b5
35.Kc3 Kc5 36.b3 f5 37.Bh5 Kd5 38.Be2 Kc5 39.Bd3 f4 40.Be2 Kb6 41.Kd4 c5+
42.Kc3 c4 43.axb5 Kxb5 44.Bxc4+ Kc5 45.Be2 Kd5 46.Bf3+ Kc5 47.Bh5 Kd5 48.Kd3 Kc5
49.Be8 Kd5 50.Ba4 Ke5 51.Kc4  1-0

[Event "BL2-S9798"]
[Site "Germany"]
[Date "1997.??.??"]
[Round "?.3"]
[White "Neunhoeffer, Helmut"]
[Black "Schoellmann, Jochen"]
[Result "1/2-1/2"]
[WhiteElo "2355"]
[BlackElo "2370"]

1.d4 d5 2.c4 c6 3.Nf3 Nf6 4.Nc3 dxc4 5.a4 Bf5 6.e3 e6 7.Bxc4 Bb4 8.O-O O-O
9.Qe2 Bg6 10.Ne5 Nbd7 11.Nxg6 hxg6 12.Rd1 Qa5 13.Bd2 e5 14.Na2 Bxd2 15.Qxd2 Qc7
16.Nc3 Nb6 17.Bb3 Rad8 18.a5 exd4 19.exd4 Nbd5 20.Rac1 Rfe8 21.g3 Ne4 22.Nxe4 Rxe4
23.a6 Qb6 24.Bxd5 Rxd5 25.axb7 Qxb7 26.Qc3 a5  1/2-1/2

[Event "BL2-S9697"]
[Site "Germany"]
[Date "1997.??.??"]
[Round "?.4"]
[White "Neunhoeffer, Helmut"]
[Black "Hasecic, Sabahudin"]
[Result "1-0"]
[WhiteElo "2335"]
[BlackElo "2305"]

1.d4 d5 2.c4 c6 3.Nf3 Nf6 4.Nc3 dxc4 5.a4 Bf5 6.e3 e6 7.Bxc4 Bb4 8.O-O Nbd7
9.Qe2 O-O 10.e4 Bg6 11.Bd3 Bh5 12.Rd1 e5 13.Be3 Re8 14.h3 Qa5 15.g4 exd4
16.Nxd4 Bg6 17.f3 h5 18.Nb3 Qc7 19.Rac1 hxg4 20.hxg4 Nxg4 21.fxg4 Qg3+ 22.Kf1 Ne5
23.Bd4 Re6 24.Bxe5 Rxe5 25.Qg2 Qf4+ 26.Ke2 Bh5 27.gxh5 Rg5 28.Qf2 Qe5 29.Rf1 f5
30.Qf4 Rg2+ 31.Kf3 Qxf4+ 32.Kxf4 fxe4 33.Nxe4 Rxb2 34.Bc4+ Kh8 35.Nd4 Rh2
36.Kg3 Rxh5 37.Rh1 g6 38.Rxh5+ gxh5 39.Rh1 Kg7 40.Rxh5 Re8  1-0

[Event "Landesliga Sued 9697 Bayern"]
[Site "Germany"]
[Date "1997.??.??"]
[Round "?"]
[White "Reilein, Christian"]
[Black "Gesing, Oliver"]
[Result "1-0"]
[WhiteElo "2295"]
[BlackElo "2190"]

1.d4 d5 2.Nf3 Nf6 3.c4 c6 4.Nc3 dxc4 5.a4 Bf5 6.Ne5 e6 7.f3 Bb4 8.e4 Bxe4
9.fxe4 Nxe4 10.Bd2 Qxd4 11.Nxe4 Qxe4+ 12.Qe2 Bxd2+ 13.Kxd2 Qd5+ 14.Kc2 Na6
15.Nxc4 O-O-O 16.Qe5 f6 17.Qe3 Qf5+ 18.Kc3 Nc5 19.Be2 Qf2 20.Qxf2 Ne4+ 21.Kc2 Nxf2
22.Rhe1 Rd4 23.Kc3 Rhd8 24.Bf3 e5 25.Re3 b5 26.Na5 b4+ 27.Kb3 Nd3 28.Bxc6 Kc7
29.Bb5 Nc5+ 30.Ka2 a6 31.Rc1 Kb6 32.Rxc5 Kxc5 33.Nb7+ Kb6 34.Nxd8 axb5 35.a5+ Ka6
36.Ne6 Rd2 37.Rg3 g5 38.Rf3 Rxg2 39.Rxf6 Rxh2 40.Nd4+ Ka7 41.Nxb5+ Kb8 42.a6  1-0

[Event "BL2-W9697"]
[Site "Germany"]
[Date "1997.??.??"]
[Round "?.2"]
[White "Chuchelov, Vladimir"]
[Black "Kupreichik, Viktor D"]
[Result "0-1"]
[WhiteElo "2525"]
[BlackElo "2500"]

1.d4 d5 2.c4 c6 3.Nf3 Nf6 4.Nc3 dxc4 5.a4 Bf5 6.e3 e6 7.Bxc4 Bb4 8.O-O O-O
9.Nh4 Bg4 10.f3 Nd5 11.fxg4 Qxh4 12.Qf3 Nd7 13.e4 N5b6 14.Bb3 c5 15.Na2 Ba5
16.Be3 cxd4 17.Bxd4 Qg5 18.Rad1 Ne5 19.Qg3 Nc6 20.Be3 Qe5 21.Qf3 Qxb2 22.Bc5 Ne5
23.Qg3 Nbc4 24.Rb1 Qe2 25.Bxf8 Rxf8 26.Bxc4 Nxc4 27.Nc3 Qd2 28.Rfd1 Qxc3
29.Qxc3 Bxc3 30.Rxb7 Ba5 31.Kf2 Bb6+ 32.Ke2 g5 33.Rc1 Nd6 34.Rd7 Nxe4 35.a5 Nc5
36.Rd6 Nb7 37.Rd7 Nxa5 38.h3 Nb3 39.Rc4 Nc5 40.Rd1 Kg7 41.Rdc1 Nd7 42.Rc6 Ne5
43.Rc8 Ng6 44.Rxf8 Kxf8 45.Rc2 Ke7 46.Kd3 h5 47.gxh5 Nf4+ 48.Ke4 Nxh5 49.g4 Nf6+
50.Kf3 e5 51.h4 gxh4 52.g5 Nh7 53.Kg4 Ke6 54.Kxh4 Be3  0-1

[Event "BL2-W9697"]
[Site "Germany"]
[Date "1997.??.??"]
[Round "?.1"]
[White "Schoen, Wolfram"]
[Black "Cuijpers, Frans Andre"]
[Result "1/2-1/2"]
[WhiteElo "2420"]
[BlackElo "2435"]

1.d4 d5 2.c4 c6 3.Nf3 Nf6 4.Nc3 dxc4 5.a4 Bf5 6.Ne5 e6 7.f3 Bb4 8.e4 Bxe4
9.fxe4 Nxe4 10.Bd2 Qxd4 11.Nxe4 Qxe4+ 12.Qe2 Bxd2+ 13.Kxd2 Qd5+ 14.Kc2 Na6
15.Nxc4 O-O-O 16.Qe3 Kb8 17.Be2 Qxg2 18.Rhg1 Qxh2 19.Rxg7 Nb4+ 20.Kb3 Nd5
21.Qf3 Rd7 22.Rh1 Qc7 23.Rhxh7 Rxh7 24.Rxh7 f5 25.Rh8+ Rd8 26.Rxd8+ Qxd8
27.Qg3+ f4 28.Qg7 b5 29.axb5 cxb5 30.Qe5+ Qc7 31.Nd6 a6 32.Qxe6 Qc5 33.Bf3 Qe3+
34.Qxe3 Nxe3 35.Ne4 Kc7 36.Kc3 a5 37.Nc5 Kb6 38.Nd7+ Kc7 39.Nc5 Kb6 40.Nd3 b4+
41.Kd2 Nc4+ 42.Kc1 Ne3 43.b3 a4 44.bxa4 Ka5 45.Nb2 b3 46.Kd2 Kb4 47.Kd3 Nc2
48.Bd1  1/2-1/2

[Event "BL2-O9798"]
[Site "Germany"]
[Date "1997.??.??"]
[Round "2.6"]
[White "Richter, Sergio"]
[Black "Schneider, Henning"]
[Result "1-0"]
[WhiteElo "2250"]
[BlackElo "2220"]

1.d4 d5 2.Nf3 Nf6 3.c4 c6 4.Nc3 dxc4 5.a4 Bf5 6.e3 e6 7.Bxc4 Bb4 8.O-O Nbd7
9.Qe2 Bg6 10.e4 Bxc3 11.bxc3 Nxe4 12.Ba3 Qc7 13.Qe3 O-O-O 14.a5 Kb8 15.Rfc1 Rhe8
16.Bd3 e5 17.a6 b6 18.Bxe4 exd4 19.Qxd4 Nf6 20.Bxc6 Qxc6 21.Qf4+ Qc7 22.Qxc7+ Kxc7
23.c4 Bh5 24.c5 b5 25.c6 Bxf3 26.gxf3 Nd5 27.Bc5 Re6 28.Bxa7 Rxc6 29.Rxc6+ Kxc6
30.Rc1+ Kd6 31.Bc5+ Kd7 32.Bd4 Ra8 33.a7 Nb4 34.Kf1 Nc6 35.Bb6 Re8 36.Rd1+ Ke6
37.Re1+ Ne5 38.f4  1-0

[Event "BL2-N9798"]
[Site "Germany"]
[Date "1997.??.??"]
[Round "3.7"]
[White "Mueller, Oliver"]
[Black "Bornemann, Wolfram"]
[Result "1/2-1/2"]
[WhiteElo "2255"]
[BlackElo "2265"]

1.d4 d5 2.Nf3 c6 3.c4 Nf6 4.Nc3 dxc4 5.a4 Bf5 6.Ne5 e6 7.e3 c5 8.dxc5 Qxd1+
9.Kxd1 Bxc5 10.e4 Bg6 11.Bxc4 a6 12.g4 Nfd7 13.Nd3 Bd4 14.Ne2 Nc6 15.Nxd4 Nxd4
16.Rf1 Rd8 17.Ra3 f6 18.Rc3 Ne5 19.Nxe5 fxe5 20.Bg5 Rd7 21.Bd3 O-O 22.f4 exf4
23.Rxf4 Nf3 24.Rxf8+ Kxf8 25.Bf4 Bxe4 26.Ke2 Bxd3+ 27.Kxf3 Bg6 28.Kg3 Kf7
29.h4 h5 30.gxh5 Bxh5 31.Be5 Bg6 32.Kf4 Bf5 33.Rg3 Kg8 34.h5 Kh7 35.Rg2 Kh6
36.Rh2 Rd1 37.Rg2 Rd7 38.Rh2 Rd3 39.Rg2 Rd7 40.Rh2 Rd3  1/2-1/2

[Event "NRW-Liga 9798"]
[Site "Germany"]
[Date "1997.??.??"]
[Round "3.7"]
[White "Prange, Stefan"]
[Black "Rott, Georg"]
[Result "1-0"]
[WhiteElo "2190"]
[BlackElo "2220"]

1.d4 d5 2.c4 c6 3.Nf3 Nf6 4.Nc3 dxc4 5.a4 Bf5 6.e3 e6 7.Bxc4 Bb4 8.O-O O-O
9.Qe2 Bg6 10.Ne5 Nbd7 11.Nxg6 hxg6 12.Rd1 Qe7 13.e4 e5 14.d5 Rfd8 15.dxc6 bxc6
16.Na2 Bc5 17.Bd2 Bd4 18.Nb4 Rac8 19.Ba6 Rc7 20.Nd3 c5 21.Rac1 Qd6 22.Bb5 Qb6
23.Qe1 Qb7 24.Ba5 Nb6 25.Nxc5 Qa8 26.b4 Rd6 27.Qe2 Qd8 28.Re1 Nh5 29.Qg4 Rf6
30.Nd3 Rxc1 31.Rxc1 Bxf2+ 32.Nxf2 Rxf2 33.Rc8 Rxg2+ 34.Kxg2 Qxc8 35.Qxc8+ Nxc8
36.Bc7 f6 37.Bd7 Nf4+ 38.Kf3 Nb6 39.Bxb6 axb6 40.a5 bxa5 41.bxa5 Nd3 42.a6 Nc5
43.a7 Nxd7 44.a8=Q+ Kf7 45.Qd5+  1-0

[Event "NRW-Liga II 9697"]
[Site "Germany"]
[Date "1997.??.??"]
[Round "5.2"]
[White "Lingnau, Carsten"]
[Black "Scheffner, Axel"]
[Result "1-0"]
[WhiteElo "2395"]
[BlackElo "2305"]

1.Nf3 d5 2.d4 Nf6 3.c4 c6 4.Nc3 dxc4 5.a4 Bf5 6.Ne5 e6 7.f3 c5 8.e4 cxd4
9.exf5 Nc6 10.Nxc6 bxc6 11.fxe6 fxe6 12.Qe2 dxc3 13.Qxe6+ Qe7 14.Bxc4 Qxe6+
15.Bxe6 cxb2 16.Bxb2 Bb4+ 17.Ke2 Ke7 18.Bc4 Rhe8 19.Rhd1 Kf8+ 20.Kf1 Rad8
21.Rab1 a5 22.Rbc1 Rxd1+ 23.Rxd1 Ke7 24.Rd3 Rd8 25.Rxd8 Kxd8 26.g4 h6 27.Ke2 Ke7
28.h4 Kf8 29.h5 Nd7 30.Bd3 Nb6 31.Bc2 c5 32.Kd3 Be1 33.Be5 c4+ 34.Ke4 Bh4
35.Bc3 Nd7 36.Bxa5 Nc5+ 37.Kd5 Nb3 38.Bb4+ Be7 39.Kxc4  1-0

[Event "Groningen op"]
[Site "Groningen"]
[Date "1997.??.??"]
[Round "6"]
[White "Bromberger, Stefan"]
[Black "Kreiman, Boris"]
[Result "0-1"]
[WhiteElo "2345"]
[BlackElo "2465"]

1.Nf3 Nf6 2.c4 c6 3.d4 d5 4.Nc3 dxc4 5.a4 Bf5 6.Ne5 Na6 7.f3 Nd7 8.Nxc4 e5
9.e4 exd4 10.Qxd4 Nb4 11.Qd1 Be6 12.Bf4 Nc5 13.Nd6+ Bxd6 14.Bxd6 Bb3 15.Bxc5 Bxd1
16.Rxd1  0-1

[Event "Groningen op"]
[Site "Groningen"]
[Date "1997.??.??"]
[Round "6"]
[White "Veerman, Johan"]
[Black "Metz, Hartmut"]
[Result "0-1"]
[WhiteElo "2195"]
[BlackElo "2290"]

1.d4 c6 2.c4 d5 3.Nf3 Nf6 4.Nc3 dxc4 5.a4 Bf5 6.e3 e6 7.Bxc4 Nbd7 8.O-O Bb4
9.Qb3 Qe7 10.Na2 Bd6 11.Qxb7 O-O 12.Qb3 Be4 13.Nc3 Bxf3 14.gxf3 e5 15.d5 Rab8
16.Qc2 Nb6 17.Ba2 Nbxd5 18.Ne4 Nxe4 19.fxe4 Nb4 20.Qc4 Nxa2 21.Rxa2 Rb4 22.Qxc6 Qe6
23.Qd5 Qg4+ 24.Kh1 Qf3+ 25.Kg1 Rxe4  0-1

[Event "Hafnarfjordur"]
[Site "Hafnarfjordur"]
[Date "1997.??.??"]
[Round "1"]
[White "Kinsman, Andrew PH"]
[Black "Halldorsson, Bragi"]
[Result "1-0"]
[WhiteElo "2395"]
[BlackElo "2270"]

1.d4 c6 2.Nf3 d5 3.c4 Nf6 4.Nc3 dxc4 5.a4 Bf5 6.Ne5 Na6 7.e3 Nb4 8.Bxc4 e6
9.O-O Bd6 10.Qe2 O-O 11.e4 Bg6 12.Nxg6 hxg6 13.e5 Be7 14.exf6 Bxf6 15.Be3 Bxd4
16.Rfd1 c5 17.Bxd4 cxd4 18.Nb5 Nc6 19.Qe4 e5 20.Qxg6 a6 21.Nd6 Qf6 22.Qxf6 gxf6
23.Ra3  1-0

[Event "Hafnarfjordur"]
[Site "Hafnarfjordur"]
[Date "1997.??.??"]
[Round "5"]
[White "Thorfinnsson, Bragi"]
[Black "Halldorsson, Bragi"]
[Result "1-0"]
[WhiteElo "2215"]
[BlackElo "2270"]

1.d4 c6 2.c4 d5 3.Nc3 Nf6 4.Nf3 dxc4 5.a4 Bf5 6.Ne5 Na6 7.f3 Nd7 8.Nxd7 Qxd7
9.e4 Be6 10.d5 cxd5 11.exd5 Bf5 12.Bxc4 Qc7 13.Qe2 Nb4 14.Nb5 Qc5 15.Bf4 Nc2+
16.Kf1 Nxa1 17.Nd6+ Qxd6 18.Bxd6 a6 19.g4 Bd7 20.Kg2 Nc2 21.Qxc2 exd6 22.Re1+ Kd8
23.Qf2 Bc8 24.Qb6+ Kd7 25.a5 Be7 26.Bb3  1-0

[Event "SWE-ch"]
[Site "Haninge"]
[Date "1997.??.??"]
[Round "3"]
[White "Malmstig, Erik"]
[Black "Ziegler, Ari"]
[Result "0-1"]
[WhiteElo "2365"]
[BlackElo "2455"]

1.d4 d5 2.c4 c6 3.Nf3 Nf6 4.Nc3 dxc4 5.a4 Bf5 6.e3 e6 7.Bxc4 Bb4 8.Qb3 Qb6
9.O-O O-O 10.Nh4 Bg6 11.Nxg6 hxg6 12.Rd1 Nbd7 13.Qc2 Rad8 14.Bd2 Qa5 15.h3 Qh5
16.a5 Bd6 17.Be2 Qh4 18.Bf3 g5 19.a6 g4 20.hxg4 g5 21.e4 Kg7 22.e5 Bxe5 23.dxe5 Nxe5
24.Ne4 Nfxg4 25.Bxg5 Qh2+ 26.Kf1 f6 27.Bxg4 Nxg4 28.Qc3 Qh1+ 29.Ke2 Qxg2
30.Nxf6 Qxf2+  0-1

[Event "SWE-ch"]
[Site "Haninge"]
[Date "1997.??.??"]
[Round "11"]
[White "Astrom, Robert"]
[Black "Rylander, Dennis"]
[Result "1/2-1/2"]
[WhiteElo "2450"]
[BlackElo "2100"]

1.d4 d5 2.c4 c6 3.Nf3 Nf6 4.Nc3 dxc4 5.a4 Bf5 6.e3 e6 7.Bxc4 Bb4 8.O-O Nbd7
9.Nh4 a5 10.Nxf5 exf5 11.Qb3 O-O 12.Na2 Bd6 13.Qxb7 Rb8 14.Qxc6 Bxh2+ 15.Kxh2 Ng4+
16.Kg1 Qh4 17.Qc7 Nde5 18.Bxf7+ Kh8 19.Qxe5 Nxe5 20.dxe5 Rxf7 21.Nc3 Rb6
22.g3 Qd8 23.Rd1 Rd7 24.Rd4 Re6 25.Nb5 Rxe5 26.Bd2 Rxd4 27.exd4 Re2 28.Bf4 Rxb2
29.Rc1 h5 30.Nd6 Qd7 31.Nc4 Ra2 32.Be3 Qxa4 33.Nb6 Qb5 34.d5 Ra3 35.Nc4 Rd3
36.d6 a4 37.Bf4 a3 38.Ne5 Rd5 39.Nf7+ Kg8 40.Ng5 g6 41.Rc8+ Kg7 42.Rc7+ Kg8
43.Rc8+  1/2-1/2